000 00607nam a2200205 i 4500
001 bgj
100 1 _aESSEN, Otto von.
245 1 0 _aAllgemeine und Angewandte Phonetik :
_bmit 35 Abbildungen /
_cOtto von Essen.
260 _aBerlin :
_bAkademia Verlag,
_c1957.
300 _aVIII, 183 s., [2] k. :
_bil., wykr. ;
_c25 cm.
504 _aBibliogr. s. [165]-179. Indeks.
650 9 _aJęzyk niemiecki
_xpodręczniki
650 9 _aJęzyk niemiecki
_xfonetyka
040 _cBPK
041 0 _ager
044 _aDEU
080 _a811.112.2(07)
942 _cKS
008 s gw f |000 0 ger
999 _c50679
_d50679
856 _uhttp://koha.tu.koszalin.pl/cgi-bin/koha/opac-detail.pl?biblionumber=50679
_yKatalog online BPK